[Event "European Senior Team Chess Championship"]
[Site "Chess.com"]
[Date "2023.07.18"]
[Round "7"]
[White "Higgie, Charles L"]
[Black "Stadnicki, Andrzej"]
[Result "1-0"]
[WhiteElo "1924"]
[BlackElo "1648"]
[Annotator "Kemenade"]
[PlyCount "36"]
[EventDate "2023.??.??"]
[TimeControl "5400+30"]

{[%evp 0,35,19,31,14,-14,-11,-3,4,-35,12,17,21,0,30,39,38,8,103,100,103,45,136,126,127,102,104,61,105,140,207,72,205,166,240,124,149,217]} 1. d4 {[%emt 0:00:02]} Nf6 {[%emt 0:00:21]} 2. c4 {[%emt 0:00:07]} e6 {[%emt 0:00:17]} 3. Nc3 {[%emt 0:00:07]} d5 {[%emt 0:00:43]} 4. Bg5 {[%emt 0:00:07]} Be7 {[%emt 0:00:14]} 5. e3 {[%emt 0:00:08]} O-O {[%emt 0:01:10]} 6. Qc2 {[%emt 0:00:14]} c6 {[%emt 0:11:22]} 7. Nf3 {[%emt 0:00:34]} h6 {[%emt 0:01:07]} 8. h4 {[%emt 0:00:32] 75% Wh} (8. Bh4 {,main, 66% Wh}) 8... Nh7 {[%emt 0:08:41]} (8... hxg5 {No games in database} 9. hxg5 $18 g6 (9... Ne4 10. Nxe4 dxe4 11. Qxe4 Qa5+ 12. Kd1 Qf5 (12... f5 13. Qh4 Kf7 14. Qh5+ g6 15. Qh7+ Ke8 16. Ne5 $18 {KD3.2}) 13. Qh4 f6 14. Qh5 {Cloud Engines} Rd8 15. e4 Qxe4 16. g6 Rxd4+ 17. Nxd4 Qxd4+ 18. Kc2 Qxf2+ 19. Be2 $18 {KD3.2}) 10. gxf6 Bxf6 11. O-O-O $18 {KD3.2}) 9. Bxe7 {[%emt 0:11:05]} Qxe7 {[%emt 0:00:10]} 10. O-O-O {[%emt 0:02:01]} (10. g4 $18 {Cloud Engines, 2-0}) (10. cxd5 exd5 $11 {Dragic-Haddock, AUS ch reserves, Melbourne 2002,1-0}) 10... f5 {[%emt 0:04:58]} (10... Nf6 $14) 11. Ne5 $18 {[%emt 0:03:11]} (11. g4 $18) 11... Re8 {[%emt 0:04:51]} 12. Be2 {[%emt 0:04:58]} (12. g4 {KD3.2}) 12... Nf6 {[%emt 0:07:03]} 13. g4 {[%emt 0:17:19]} Ne4 {[%emt 0:04:37]} 14. Nxe4 {[%emt 0:01:22]} fxe4 {[%emt 0:00:19]} 15. f3 {[%emt 0:01:06]} (15. g5 $18 {KD3.2}) 15... exf3 {[%emt 0:00:39]} (15... Nd7 16. g5) 16. Bd3 $1 {[%emt 0:03:27]} g5 {[%emt 0:00:42]} 17. Rdf1 {[%emt 0:05:15]} (17. hxg5 Qxg5 18. Qf2 Nd7 19. Rh5 Qg7 20. g5 {KD3.2}) 17... Nd7 {[%emt 0:00:15]} 18. Ng6 {[%emt 0:02:31]} e5 (18... Qf6 19. hxg5 Qxg5 20. Qf2 $18 e5 21. Qxf3 Nf6 22. dxe5 Bxg4 23. Qxf6 Qxf6 24. exf6 Rxe3 25. Kd2 $18 {KD3.2}) 1-0

[Event "European Senior Team Chess Championship"]
[Site "Chess.com"]
[Date "2023.07.19"]
[Round "8"]
[White "Higgie, Charles L"]
[Black "Jorgensen, Jorgen"]
[Result "0-1"]
[WhiteElo "1924"]
[BlackElo "2107"]
[Annotator "Kemenade"]
[PlyCount "84"]
[EventDate "2023.??.??"]
[TimeControl "5400+30"]

{[%evp 0,84,19,31,70,65,65,70,36,43,49,19,80,51,46,46,60,59,55,52,64,47,47,60,90,67,88,99,121,97,86,60,64,81,83,91,94,95,163,91,145,80,271,132,256,256,256,278,359,349,349,349,349,349,327,161,161,161,161,161,161,161,161,161,238,171,247,171,74,74,94,87,87,-16,-16,0,0,-255,-105,-118,-74,-231,-231,-528,-541,-541,-637]} 1. e4 {[%emt 0:00:30]} Nf6 {[%emt 0:00:14] THis is not that common at the highest levels as Bl has to manage with a space disadvantage. Though there are regulars such as Rapport & Bortnyk, and Carslsen has used it on occasions. Locally Howard Williams has co-authored the Batsford book on the opening and continues to practice it.} 2. e5 {[%emt 0:00:06]} Nd5 {[%emt 0:00:05]} 3. d4 {[%emt 0:00:07]} d6 {[%emt 0:00:07]} 4. Nf3 {[%emt 0:00:05]} Bg4 {[%emt 0:00:24]} 5. Be2 {[%emt 0:00:14]} e6 {[%emt 0:00:07]} 6. O-O {[%emt 0:00:23]} Be7 {[%emt 0:00:10]} 7. c4 {[%emt 0:00:09]} Nb6 {[%emt 0:00:07]} 8. Nc3 {[%emt 0:00:07]} O-O {[%emt 0:00:39]} 9. Be3 {[%emt 0:00:48] main} (9. b3 $5) 9... d5 {[%emt 0:01:52]} (9... N8d7 10. b3 {Brinck Claussen-Jorgensen, Norresundby 2000,1/2-1/2}) (9... Bxf3 10. Bxf3 d5 11. b3 Bg5 12. Bxg5 Qxg5 13. cxd5 exd5 14. Nxd5 Nxd5 15. Bxd5 c6 16. f4 Qh4 17. Bc4 $18 {Brinck Claussen-Jorgensen, Aalborg 1993,1/2-1/2}) 10. c5 {[%emt 0:00:42]} Bxf3 {[%emt 0:00:29]} 11. gxf3 {[%emt 0:01:18] main} (11. Bxf3 {also played, but the text scores better}) 11... Nc8 {[%emt 0:00:41]} 12. b4 {[%emt 0:00:35] 68% for Wh} (12. f4 {main, 68% for Wh}) (12. Kh1 {Engines, 72% for Wh}) 12... b6 {[%emt 0:00:58] 3 Wh wins, 1 draw} (12... Bh4) (12... Nc6 {main lines}) 13. f4 {[%emt 0:02:27] 5-0} c6 {[%emt 0:05:19]} 14. Bd3 {[%emt 0:08:04]} (14. a4 a6 15. Bd3 $16 {Engines}) 14... g6 $146 {[%emt 0:00:43]} (14... f5 15. Kh1 {4.5-0.5}) 15. Ne2 {[%emt 0:01:31]} (15. Qf3 $16 {KD3.2}) (15. a3 a5 16. Qc2 $16 {SF14}) 15... a5 {[%emt 0:03:02]} 16. a3 {[%emt 0:01:25]} f5 {[%emt 0:06:32]} (16... Na6 $16 {both Engines}) 17. Bd2 {[%emt 0:01:20] Wh controls more space on both sides of the board and Bl is struggling to find some counterplay.} (17. bxa5 Rxa5 18. Qc2 $16 {KD3.2}) (17. Qc2 Qc7 18. Rfb1 $16 {SF14}) 17... Qd7 {[%emt 0:21:28]} (17... a4 {both Engines}) 18. Qc2 {[%emt 0:02:12]} Qb7 {[%emt 0:03:48]} 19. Rfc1 {[%emt 0:03:25]} (19. bxa5 bxa5 20. Rab1 $18 {both Engines}) 19... Bd8 {[%emt 0:06:15]} 20. b5 {[%emt 0:05:56]} (20. bxa5 $18 {both Engines}) 20... bxc5 $2 {[%emt 0:01:38]} (20... cxb5 21. Bxb5 Na7 (21... bxc5 22. Rab1 $16 {SF14}) 22. Rab1 $16 {KD3.2}) 21. Qxc5 {[%emt 0:00:31]} (21. dxc5 $1 $18 {both Engines; the N gets to d4}) 21... Be7 {[%emt 0:06:55]} (21... Na7 22. a4 Bb6 23. Qd6 Kf7 24. Rab1 $16 {KD3.2}) 22. bxc6 {[%emt 0:02:39]} Qc7 {[%emt 0:00:17]} 23. Qb5 $18 {[%emt 0:02:21] The Bl Ns are more of a hindrance than an assett} Ra6 {[%emt 0:17:07]} (23... Ra7 {KD3.2}) 24. Rab1 {[%emt 0:02:47]} (24. Qb7 $1 {both Engines, Rudy & Lee- targets the passive Ns} Ra7 25. Qxc7 Rxc7 26. Bxa5 Rxc6 27. Rcb1 $1 Nd7 (27... Na7 28. Rb7) 28. Rb7 Ncb6 29. Bb5 $18 {KD3.2}) 24... Rb6 {[%emt 0:00:38]} 25. Qxa5 {[%emt 0:00:31] SF14} (25. Bxa5 {KD3.2} Rxb5 26. Bxc7 Rxb1 27. Rxb1 Nxc6 28. Bb5 N8a7 29. Bxc6 Nxc6 30. Rb6 Na7 (30... Nd8 31. a4 $18) 31. Rxe6 Bxa3 32. Bd6 Bxd6 33. Rxd6 Nb5 34. Rxd5 $18 {KD3.2}) 25... Nxc6 {[%emt 0:00:36]} 26. Rxb6 {[%emt 0:06:50]} Nxb6 {[%emt 0:04:57]} 27. Qc3 {[%emt 0:06:30] Wh is having the usual problem with a clearly winning position- there are so many good moves to choose from, and deciding which is the most effective} (27. Qb5 $1 {both Engines} Nc4 (27... Rc8 28. Ba5 Bd8 29. Qa6 Qb8 (29... Rb8 30. Bb5) 30. Bxb6 Bxb6 31. Rb1 $18) 28. Bxc4 dxc4 29. Qxc4 $18 Rc8 30. Qxe6+ Kh8 31. d5 $18 {KD3.2}) 27... Rc8 {[%emt 0:11:11]} 28. Bb5 {[%emt 0:00:37]} (28. Ba6 $1 $18 {both Engines}) 28... Nc4 {[%emt 0:00:18]} 29. Bxc4 {[%emt 0:00:12]} dxc4 {[%emt 0:00:05]} 30. Qxc4 $18 {[%emt 0:00:13]} Qd7 {[%emt 0:00:19]} 31. Qa6 {[%emt 0:01:49]} (31. a4 Bd8 32. Qb5 $18 {both Engines}) 31... Kf7 {[%emt 0:02:03]} (31... Rc7 {best} 32. a4 $18 {both Engines}) 32. d5 $1 $18 {[%emt 0:02:55] the correct break, but unfortunately Wh misses a nuance} exd5 {[%emt 0:01:03]} 33. Nd4 {[%emt 0:00:28]} (33. Bb4 $1 {both Engines-removes Bl's target in the game continuation} d4 34. Nxd4 $18 {both Engines} Nxd4 35. Qxc8 Qxc8 36. Rxc8 $18) 33... Nxd4 {[%emt 0:00:15]} 34. Rxc8 {[%emt 0:04:51]} Nf3+ {[%emt 0:00:08]} 35. Kg2 {[%emt 0:00:15]} Nxd2 {[%emt 0:00:08] Wh is still winning, but the line is difficult to find especially after the surprise of losing the B} 36. Rh8 {[%emt 0:00:13]} (36. Rc6 $1 Kg7 (36... Kf8 $5 {Lee & Rudy} 37. e6 Qe8 38. Rc8 Bd8 39. Qd6+ $18) 37. e6 {both Engines} Qd8 38. Qb7 Nc4 39. Rc7 Kf6 40. Rd7 Qe8 41. a4 Bc5 42. Rxd5 Be7 43. Rd7 h5 44. Qc6 $18 {KD3.2}) 36... Kg7 $11 {[%emt 0:01:42]} 37. Qa8 {[%emt 0:00:34]} (37. Rb8 d4 38. f3 $11 {both Engines}) 37... Kh6 {[%emt 0:01:45]} 38. Rb8 {[%emt 0:05:18]} (38. Qg8 Bxa3 39. Qd8 Qxd8 40. Rxd8 Kg7 41. Rxd5 Ne4 42. Rd7+ $11 {KD3.2}) (38. a4 d4 39. f3 $11 {both Engines} Nc4 40. Qg8 Ne3+ {other moves lose} 41. Kg1 Bc5 42. Qd8 Qxd8 43. Rxd8 Kg7 44. Kf2 Kf7 45. Ke2 $11 {KD3.2}) 38... d4 $19 {[%emt 0:00:28]} (38... Qc7 $1 $19 {both Engines} 39. Rc8 Qb6 40. Qxd5 Qa6 41. Qxd2 Qxc8 $19 {KD3.2}) 39. Rb2 {[%emt 0:03:43]} Nc4 {[%emt 0:01:20]} (39... Ne4 $1 $19 {KD3.2}) 40. Rb3 {[%emt 0:00:54]} (40. Qb7 $1 {controls the vital long diagonal} Qe6 41. Rb3 g5 42. fxg5+ Kxg5 43. Rd3 Nxe5 44. Rxd4 Ng6 45. Kf1 Bc5 (45... Bxa3 46. Qxh7 $11) 46. Rd3 Qc4 47. Qg2+ Kf6 48. Qd5 Qc1+ 49. Rd1 Qxa3 $15 {KD3.2}) 40... d3 $19 {[%emt 0:00:00]} 41. Qg8 {[%emt 0:00:00]} (41. Qf3 {both Engines} d2 42. Rd3 Ne3+ $1 43. Qxe3 d1=Q $19 {KD3,2}) 41... Nd2 {[%emt 0:00:00]} (41... Qc6+ 42. Kg1 Ne3 {mating soon, both Engines ( giving up Q delays the process)}) 42. Rb6 {[%emt 0:00:00]} Bc5 {[%emt 0:00:00] 0-} (42... Bc5 43. Rd6 Bxd6 44. Qd5 $19 {is the only way to delay the mate. Wh was highly unfortunate, the final result against the run of play in most of the game.}) 0-1

[Event "European Seniors 65+"]
[Site "?"]
[Date "2023.07.12"]
[Round "1.1"]
[White "Van Kemenade, R.."]
[Black "Legky, Nikolay A"]
[Result "0-1"]
[WhiteElo "1934"]
[BlackElo "2360"]
[Annotator "Kemenade"]
[PlyCount "64"]
[EventDate "2023.07.10"]

{[%evp 0,13,36,33,41,0,2,-4,4,-11,-12,-12,15,-20,20,-50]} 1. e4 e6 {GM} 2. d3 d5 3. Qe2 Nf6 4. Nf3 Be7 (4... c5 5. g3 Nc6 6. Bg2 Be7 {0-2 Legky} (6... b6 {2-0 Legky ; in both cases delaying 0-0})) 5. g3 b5 6. Bg2 b4 7. a3 $146 (7. e5 {main} Nfd7 8. c4 bxc3 9. bxc3 c5 10. h4 Nc6 11. O-O {Van Kemenade-Jurek, WSTcc, Prague 2020,0-1}) (7. c4 {KD3.2, not yet played}) 7... c5 8. axb4 cxb4 9. c4 dxc4 (9... bxc3 10. Nxc3 $11 (10. bxc3 dxe4 11. dxe4 Bb7 12. e5 $11 {KD3.2})) 10. dxc4 Bb7 11. e5 (11. O-O Bxe4 12. Rd1 Qc8 13. Nbd2 Bb7 14. Nb3 $15 {KD3.2}) 11... Nfd7 12. O-O Nc5 (12... O-O $17 {KD3.2}) 13. Rd1 (13. Be3) 13... Qc7 14. Bf4 (14. Bg5 {KD3.2 -considered, but tried to keep that bl B as possibly bad for later} Bxg5 15. Nxg5 Bxg2 16. Kxg2 Nbd7 17. Nd2 O-O (17... Qxe5 18. Qh5 $16) (17... Nxe5 18. Nde4 O-O 19. Nxc5 Qxc5 20. Qe4 Ng6 21. Nf3 a5 $15) 18. f4 a5 $17) 14... Nc6 15. h4 Rd8 16. Rxd8+ (16. Nbd2 {considered & pm anaysis} O-O 17. Be3 a5 18. h5 h6 19. Bxc5 Bxc5 20. Nb3 Rxd1+ 21. Rxd1 Be7 22. Ra1 Ra8 23. Ra4 Nd8 24. Nbd4 $15 {KD3.2}) 16... Qxd8 17. Nbd2 O-O 18. Ne4 $11 Qd3 19. Qxd3 Nxd3 20. b3 {Bl thought for about half an hour here, before deciding to defend the a pawn against several variations} Ra8 (20... h6 21. Be3 $14 {pm and KD3.2}) (20... Nxf4 21. gxf4 f6 22. Nd6 $16 Ba8 (22... Bxd6 23. exd6 Rd8 24. c5 $18) 23. c5 $16) 21. Kf1 (21. Be3 {expected by Bl & considered by Wh & PM analysis} Ncxe5 22. Nxe5 Nxe5 23. Rxa7 (23. Ra5 Ng4 24. Rxa7 $11) 23... Rxa7 24. Bxa7 $11) (21. Nd6 Bxd6 22. exd6 Rd8 23. h5 h6 24. Be3 Rxd6 25. Kf1 Rd7 26. Ke2 e5 27. Nd2 Nd4+ 28. Bxd4 Bxg2 29. Kxd3 Rxd4+ 30. Ke3 Rd7 31. Ra5 f6 32. f3 Bh3 33. Rb5 Kf7 34. Ne4 g6 35. hxg6+ Kxg6 36. Rxb4 $16 {KD3.2}) 21... Kf8 (21... Nxf4 22. gxf4 Rd8 23. Nfd2 Rd3 24. Ra2 $11 {KD3.2}) 22. Ke2 (22. Nd6 Bxd6 (22... Nxf4 23. gxf4 Bxd6 24. exd6 Nd8 25. Ne5 $18 {KD3.2}) 23. exd6 Ke8 24. d7+ Ke7 25. Be3 Nce5 26. Nxe5 Bxg2+ 27. Kxg2 Nxe5 28. Bc5+ Kxd7 29. Bxb4 Nc6 30. Bc3 $16 {KD3.2}) 22... Nc5 (22... Nxf4+ 23. gxf4 Rd8 24. Ke3 $11 {KD3.2}) 23. Nxc5 Bxc5 24. Be3 Bxe3 25. Kxe3 Rd8 (25... Ne7) 26. Nd2 $2 {thought by both to be a losing blunder, yet Wh can survive} (26. Ra2 {preparing Nd2, looked at in pm analysis} Rd7 (26... Rd1 27. Ke2 Rd7 {KD3.2}) 27. Nd2 Nxe5 28. Bxb7 Rxb7 29. Nf3 Nd7 (29... Nxf3 30. Kxf3 Rd7 31. Ke2 Ke7 32. Ra4 Rb7 33. Ra6 $11) 30. Ra5 Ke7 31. Nd4 Kd6 32. Ra6+ Kc7 33. Nb5+ Kb8 34. Kd4 Rb6 35. Rxa7 e5+ 36. Ke3 Nc5 37. Rxf7 Nxb3 38. Rxg7 Na5 39. Kd3 b3 40. Na3 b2 41. Nb1 Rf6 42. Rxh7 Rxf2 43. Kc3 Nxc4 44. Kxc4 Rf1 45. Kb3 Rxb1 46. g4 Rg1 47. Kxb2 Rxg4 $11 {KD3.2}) (26. Ra4 {initial thought in pm}) (26. Ne1 $1 $18 {KD3.2, not found in pm analysis} Rd7 27. Bxc6 Bxc6 28. Nd3 Ba8 29. Ra4 Bc6 30. Ra5 Rb7 31. Ra6 Rc7 32. Nxb4 $18) 26... Nd4 27. Be4 (27. Rg1 $1 {KD3.2} Nf5+ 28. Ke2 Bxg2 29. Rxg2 Nd4+ 30. Ke3 Nc2+ 31. Ke2 $11 f6 32. exf6 gxf6 33. g4 $11) 27... Bxe4 28. Kxe4 Nc2 29. Rd1 Ke7 {and Wh is unable to break the pin} 30. f4 (30. Kf3 Nd4+ 31. Ke3 {e2 unavailable} Nxb3 $19) 30... h5 31. c5 Rd5 (31... Rd4+ 32. Kf3 Rd5 33. Ke2 Nd4+ 34. Ke1 Kd7 $19 {KD3.2}) 32. c6 Kd8 0-1

[Event "European Senior Team Chess Championship"]
[Site "Swidnica"]
[Date "2023.07.15"]
[Round "4.1"]
[White "Vadlja, Stjepan"]
[Black "Van Kemenade, R.."]
[Result "0-1"]
[WhiteElo "1629"]
[BlackElo "1934"]
[Annotator "Kemenade"]
[PlyCount "74"]
[EventDate "2023.??.??"]

{[%evp 0,24,19,31,14,-14,43,38,37,33,33,33,45,43,53,69,69,19,63,34,47,26,48,49,65,54,60]} 1. d4 Nf6 2. c4 g6 3. Nc3 Bg7 4. e4 d6 5. Nf3 O-O 6. Be2 e5 7. dxe5 dxe5 8. O-O (8. Qxd8 Rxd8 9. Bg5 Re8 (9... c6)) 8... Nbd7 9. Bg5 h6 (9... c6) 10. Be3 (10. Bh4) 10... c6 11. h3 Qe7 12. Qc1 (12. Qc2) (12. Qd2) 12... Kh7 13. Nh2 (13. Rd1 Nc5 14. Qc2 {1-2-3}) (13. c5 Re8 (13... Nh5) 14. b4 a5 15. a3 axb4 16. axb4 Rxa1 17. Qxa1 Nh5 {0-1}) 13... Nc5 14. f3 $6 {weakens all the bl squares} (14. Qc2 Ne6 $11) 14... Nh5 $17 15. Bf2 Nf4 16. Bg3 Nce6 $19 {KD3.2} 17. Qe3 (17. Qe1) 17... Qg5 18. Qf2 h5 (18... Nd4 19. Bxf4 exf4 20. h4 Qe7 $19 {KD3.2}) 19. Kh1 Bf6 (19... Nd4 20. Bh4 Qh6 21. Rfd1 g5 22. Bg3 Be6 $19 {KD3.2}) 20. h4 Qh6 21. Rg1 (21. c5 Be7 22. b4 a5 23. a3 Rg8 $19) 21... g5 22. Rgd1 Be7 (22... Nd4) (22... Rg8 {both KD3.2}) 23. Rd2 Rg8 (23... gxh4 24. Bxf4 (24. Bxh4 Bc5 25. Qe1 Nxg2 26. Kxg2 Rg8+ 27. Bg3 Nf4+ 28. Kh1 Qg5 29. Bf1 Qxg3 30. Qxg3 Rxg3 $19) 24... Nxf4 25. Rg1 Rg8 26. Bf1 Be6 $19 {KD3.2}) 24. Bf1 Ng6 (24... gxh4 25. Bxh4 (25. Bxf4 Nxf4 26. Rad1 Be6 27. Ne2 Rg6 28. Nxf4 Qxf4 29. b4 Rag8 30. Qxa7 h3 $19) 25... Nh3 26. Qe1 Bxh4 27. Qxh4 Qxd2 28. Qxh5+ Qh6 29. Qxh3 Qxh3 30. gxh3 Nf4 $19 {KD3.2}) 25. hxg5 (25. Qe1 gxh4 26. Bf2 Qg5 27. f4 Nexf4 28. Be3 Be6 $19 {KD3.2}) 25... Bxg5 (25... Qxg5 {KD3.2} 26. Qe1 Ngf4 27. Bxf4 Nxf4 28. Qe3 b6 29. Na4 h4 $19) 26. Rd6 (26. Rad1 h4 27. Ng4 hxg3+ 28. Nxh6 gxf2 29. Nxg8 Kxg8 30. Rxf2 Be3 31. Re2 Bf4 $19 {KD3.2}) 26... h4 27. Bxe5 (27. Ng4 hxg3+ (27... Qf8 28. Bxe5 Nxe5 29. Rad1 Qg7 $19 {KD3.2}) 28. Nxh6 gxf2 29. Nxg8 Kxg8 30. Nd1 Be7 31. Rd3 Ngf4 32. Rd2 Bg5 33. Rxf2 Nh5 (33... Nd4) 34. g4 Nhf4 35. Nc3 Nd4 36. Ne2 Nfxe2 37. Bxe2 Kg7 $19 {KD3.2}) 27... Nxe5 28. Ng4 Nxg4 29. fxg4 Bf4 (29... Be7 30. e5 Qf4 $19 {KD3.2}) 30. Bd3 (30. e5 Rxg4 31. Ne4 Kg7 32. Nf6 Rg6 33. Rxe6 Bxe6 34. Qxf4 Qxf4 35. Nh5+ Kh6 36. Nxf4 Rg4 $19 {KD3.2}) 30... Kh8 (30... Bxd6 31. e5+ Kh8 32. exd6 Rxg4 33. Ne4 (33. Qxf7 Bd7 34. Qxd7 (34. Qf5 Nf4 35. Qe5+ Rg7 36. Qd4 Nxd3 37. Qxd3 Rf8 $19) 34... Rg7) 33... Rf4 $19 {KD3.2}) 31. Rxe6 Bxe6 32. Rf1 Be5 (32... Rxg4 {KD3.2} 33. Be2 Bg3 34. Qf6+ Qxf6 35. Rxf6 Rf4) 33. Be2 Rad8 (33... h3 {considered} 34. g3 Rad8 $19 {KD3.2}) (33... Bxg4) 34. Nd1 Rd2 35. Qe3 (35. Ne3 h3 36. g3 Bd4) 35... Qxe3 36. Nxe3 Rxe2 37. Nf5 Rxg4 (37... Bxf5 38. exf5 Rxg4 {is a quicker mate, stops the N sac delaying things-KD3.2}) 0-1

[Event "EU ch tm Seniors 65+"]
[Site "?"]
[Date "2023.07.20"]
[Round "9.1"]
[White "Van Kemenade, R.."]
[Black "Renman, Nils-Gustav"]
[Result "1/2-1/2"]
[WhiteElo "1924"]
[BlackElo "2330"]
[Annotator "Kemenade"]
[PlyCount "77"]
[EventDate "2023.07.20"]

{[%evp 0,17,29,23,24,-14,-10,-10,1,19,40,9,0,-1,-7,-25,-17,-18,-11,-30]} 1. d4 d5 {IM} 2. c4 e6 3. Nc3 (3. Nf3 Nf6 4. g3 c6 5. Nbd2 {more usual for Wh}) 3... Nf6 4. Nf3 c6 5. g3 dxc4 6. a4 (6. Bg2) (6. Ne5) 6... Nbd7 7. Bg2 a5 (7... Bb4) (7... Be7) 8. O-O Bb4 9. Qc2 (9. e4 {scores even better} O-O (9... Bxc3 10. bxc3 Nxe4 11. Qc2 Nd6 12. Ba3 {3 Wh wins, two draws}) 10. e5 Nd5 11. Qc2) 9... O-O 10. e4 (10. Rd1 {main}) 10... h6 (10... e5 $1) 11. e5 (11. Rd1 {4-1-3}) 11... Nd5 12. Nd2 (12. Re1 Be7 13. Qe4 N7b6 14. Qg4 Kh7 15. Bf1 $11 {Ciciotti-Sherwood, WS MN email 2015, 1/2-1/2}) (12. Ne4 {KD3.2}) 12... b6 {felt by Bl to be an error in pm analysis, but first line of KD3.2 & SF15.1} (12... f5 13. Nxc4 N7b6 14. Ne3 Bd7 15. Bd2 Qe7 16. Rac1 $11 {Danada-Agdelen, EU Cup Online rapid 2021,1-0}) (12... Bxc3 {pm analysis} 13. bxc3 b5 14. axb5 cxb5 15. Ba3 b4 16. Bxb4 axb4 17. Rxa8 N7b6 18. Bxd5 exd5 19. Ra7 b3 20. Qb2 Qg5 $11 {KD3.2}) 13. Nxc4 Ba6 14. Ne4 (14. Qb3 c5 {both Engines} 15. Nxd5 exd5 16. Bxd5 cxd4 17. Rd1 d3 18. Qxd3 Nxe5 19. Qc2 Bxc4 20. Bxc4 Qc8 21. b3 Nf3+ 22. Kg2 Qb7 23. Kh3 Ne1 24. Rxe1 Bxe1 25. Bxh6 Qd7+ 26. g4 Bxf2 27. Rd1 Qe7 28. Qxf2 gxh6 29. Qxb6 $11 {KD3.2}) 14... f5 {feels like the wrong part of the board} (14... c5 {pm analysis & both Engines} 15. dxc5 Qc7 16. b3 Nxc5 17. Nxc5 Bxc5 18. Bb2 Nb4 19. Qc3 Rad8 20. Rfd1 Rxd1+ 21. Rxd1 Rd8 $15 {KD3.2}) 15. exf6 N7xf6 16. Rd1 Nxe4 17. Bxe4 Bxc4 18. Qxc4 Rc8 (18... Qf6 19. Rf1 Kh8 $11) 19. Qe2 (19. Be3 $11 {both Engines}) 19... Qf6 (19... c5 20. Be3 Qf6 $11 {both Engines} 21. Qg4 {KD3.2}) 20. Be3 {and Bl had a long think} (20. Rd3 Rcd8 21. Bd2 $11 {both Engines}) 20... Nxe3 {SF15.1} (20... c5 21. Rac1 Nxe3 {KD3.2}) 21. fxe3 $11 (21. Qxe3 $11) 21... e5 (21... c5 22. Kg2 $11 (22. d5 $11)) 22. Qc4+ (22. d5 cxd5 23. Rxd5 $11 {both Engines}) (22. Rf1 Qe6 23. Qd3 Rcd8 24. Kg2 $11 {KD3.2}) 22... Kh8 23. Rf1 Qg5 24. Qe2 (24. Kh1 Qxe3 25. dxe5 $11 {both Engines}) 24... exd4 25. exd4 Qd2 (25... Rfe8 26. Qf3 $11 {both Engines}) 26. Rxf8+ {[draw?]} Rxf8 27. Qxd2 Bxd2 28. Rf1 (28. Rd1 $11) (28. Bxc6 Be3+ 29. Kg2 Rf2+ 30. Kh3 Bxd4 31. Rd1 Bxb2 32. Rd8+ Kh7 33. Rb8 Bd4 34. Be4+ g6 35. Rb7+ $11 {KD3.2}) 28... Be3+ 29. Kg2 Rxf1 30. Kxf1 Bxd4 31. Bxc6 Bxb2 32. Ke2 g6 33. g4 Kg7 34. h4 Kf6 (34... h5 35. gxh5 gxh5 36. Kf3 Bf6 37. Kg3 $11) 35. Kf3 Ke5 36. Be8 g5 37. hxg5 hxg5 38. Bb5 Ba3 39. Bc6 {and Bl offered a draw} 1/2-1/2

[Event "EU blitz, Swidnica"]
[Site "Swidnica"]
[Date "2023.07.15"]
[Round "7.9"]
[White "Van Kemenade, R.."]
[Black "Mikkelsen, Peter Jorgen Dam"]
[Result "1-0"]
[WhiteElo "2059"]
[BlackElo "2116"]
[Annotator "Kemenade"]
[PlyCount "33"]
[EventDate "2023.??.??"]
[EventType "blitz"]

{[%evp 0,17,19,38,60,60,55,57,67,53,49,37,28,35,72,22,90,60,106,92] Light relief. The Blitz was dominated by local Polish players from surrounding areas, with Juniors prominent. Even Keith Arkell could only manage 5th place. The reurn match with reversed colours in the main event had Wh barricading himself on the K side, untill a small error on the Q sideby Bl lead to breakthrough there} 1. e4 c6 2. d4 d5 3. e5 Bf5 4. Nc3 e6 5. g4 Bg6 6. Nge2 h6 7. Bg2 a6 8. O-O c5 9. f4 Nc6 $146 (9... cxd4 10. Nxd4 {vk3-1}) 10. f5 $18 Bh7 11. Be3 (11. fxe6 fxe6 12. Nf4 Nxd4 13. Be3 Bxc2 (13... Nxc2 14. Nxe6 $18) 14. Qd2 Ne7 15. Rac1 Be4 16. Bxd4 Bxg2 17. Qxg2 cxd4 18. Nxe6 $18 {KD3.2}) (11. Nf4) 11... c4 (11... Nge7 12. Nf4 Bg8 13. dxc5 $18 {KD3.2}) 12. fxe6 fxe6 13. Nf4 Qd7 14. Nfxd5 (14. Nxe6 Qxe6 15. Bxd5 Qc8 (15... Qe7 16. Rf7) 16. Bf7+ Ke7 17. Be6 Qxe6 18. d5 Qxe5 19. Bc5+ $18 {KD3.2}) 14... exd5 15. Nxd5 Rd8 16. Qf3 g5 17. Qxf8# 1-0